Sportifs internationaux par images - Statistiques

Statistiques générales
  • Ce quiz a été pris 66 fois
  • Le résultat moyen est 23 sur 44
Statistiques - réponses
Par images Hint Réponse % Correct
2003 Carlos Alcaraz
93%
1963 Michael Jordan
91%
1987 Novak Djokovic
91%
1999 Armand Duplantis
85%
1966 Mike Tyson
85%
1975 Tiger Woods
85%
1984 Lebron James
84%
1969 Michael Schumacher
84%
1985 Michael Phelps
82%
1986 Usain Bolt
82%
2001 Jannik Sinner
80%
1978 Kobe Bryant
76%
1960 Ayrton Senna
75%
1981 Fernando Alonso
71%
1988 Conor McGregor
69%
1998 Tadej Pogacar
69%
1977 Tom Brady
60%
1979 Valentino Rossi
60%
1996 Jonas Vingegaard
55%
1993 Johannes Boe
53%
1970 Marco Pantani
53%
1997 Noah Lyles
49%
1961 Carl Lewis
47%
1994 Giannis Antetokounmpo
47%
1990 Peter Sagan
47%
1965 Scottie Pippen
45%
1968 Tony Hawk
44%
2002 Ben Shelton
40%
1976 Tim Duncan
40%
1967 Boris Becker
36%
2000 Remco Evenepoel
36%
1995 Mathieu van der Poel
35%
1992 Kyrie Irving
33%
1964 Miguel Indurain
33%
1983 Mo Farah
33%
1971 Vitali Klitschko
31%
1991 Owen Farrell
25%
1980 Richie McCaw
24%
1989 Marcel Hirscher
20%
1974 Ole Einar Bjorndalen
20%
1962 Evander Holyfield
18%
1972 Kelly Slater
16%
1982 Kenenisa Bekele
13%
1973 Oscar de la Hoya
11%
Aucun quiz correspondant
Distribution des résultats
% des personnes avec chaque résultat
Percentile par nombre de réponses
Votre historique - résultats
Vous n’avez pas pris ce quiz